| 000 | 00771nam a2200253Ia 4500 | ||
|---|---|---|---|
| 003 | OSt | ||
| 005 | 20221005052349.0 | ||
| 006 | a|||||r|||| 00| 0 | ||
| 007 | ta | ||
| 008 | 221004b |||||||| |||| 00| 0 eng d | ||
| 020 |
_a9781482237153 (hbk) _c4486.39 |
||
| 024 | _a24722 | ||
| 037 |
_b108, 29/12/2015, Pioneer Books Distributors _cTextual |
||
| 040 |
_aCRL _cCRL _beng |
||
| 041 |
_2eng _aeng |
||
| 082 | _aY:45:6, Q6 | ||
| 100 |
_aGomis Benoit _9596719 |
||
| 245 | 0 |
_aCounter terrorism _b Ressessing the policy response |
|
| 260 |
_aLondon _bCRC Press UK _c2016 |
||
| 300 |
_axxi, 219p. _ccm. |
||
| 650 | _aSOCIOLOGY | ||
| 942 |
_hY:45:6, Q6 _cTEXL _2cc |
||
| 999 |
_c960293 _d960293 |
||